000 00746nam a2200265Ia 4500
001 Para_7291
003 CHAP
008 220125s9999 xx 000 0 und d
010 _a206179
040 _cCHAP
090 _aPA R-57
100 _aCooper, J.F.
_9172395
245 _aThe citrus blackfly situation in Mexico /
_c J.F. Cooper, C.C. Plummer, J.G. Shaw
300 _app. 767-773
500 _aSobretiro de: Journal of economic entomology, 43(6): 767-773,1950
650 _aAleurocanthus woglumi
_93802
650 _aCítricos
_x México
_924454
901 _aPA R-57
902 _aA
905 _a000000 0000000000 00
910 _a
942 _cPARA
942 _cPARA
_d1
999 _c206179
_d206179